1695 1711 1716 1527 1372 1113 1216 1677 1257 1425 1522 1638 1398 1116 1424 1707 1820 1493 1391 1924 1280 1474 1274 1506 1664 1387 1697 1849 1625 1552 1414 1166 1677 1770 1679 1832 1732 1455 1456 1538 1893 1305 1951 1685 1118 1623 1495 1766 1449 1239 1230 1087 1376 1968 1503 1953 1430 1986 1412 1955 1907 1061 1368 1574 1364 1945 1885 1555 1574 1094 1027 1474 1305 1838 1129 1247 1370 1438 1136 1555 1826 1094 1532 1972 1172 1182 1112 1658 1115 1135 1287 1281 1692 1395 1731 1329 1449 1267 1073 BCNSPRNW ULIB Ver.6.0+V

เปลี่ยนเป็นภาษาไทย

Change to English
 แสดงรายละเอียดบรรณานุกรม
  กลับหน้าหลัก

Brief Record : Get Marc (ISO 2709) : E-mail record : QR code < ปิดหน้าต่าง
LEADER : 00000nam 2200000uu 4500
001    13399108755
003     ULIB
008    110314s2539||||th 000 0 tha d
020    9745659622
060  4 WY152.5^bพ654ก 2539
100 0  พิกุล บุญช่วง
245 00 การพยาบาลผู้ป่วยภาวะหัวใจล้มเหลว^cพิกุล บุญช่วง
250    พิมพ์ครั้งที่ 1
260    เชียงใหม่:^bโครงการตำรา คณะพยาบาลศาสตร์ มหาวิทยาลัยเชียงใหม่,^c2539
300    181 หน้า : ^bภาพประกอบ.
650  7 ภาวะหัวใจล้มเหลว^xการพยาบาล
650  7 การพยาบาลผู้ป่วยภาวะหัวใจล้มเหลว
945    ^p0^l0^i004408
945    ^p0^l0^i006107
995    เกษร
999    ^aใช้งานได้ทุกระบบ
รายการนี้ยังไม่มีแท็ก
คุณยังไม่ได้ล็อกอิน คุณสามารถมีกิจกรรมร่วมกับเว็บไซต์ได้ แต่ต้องล็อกอินก่อน ::
  ล็อกอิน

รายการสื่อสารสนเทศ

ลำดับที่ ประเภท เลขเรียก/บาร์โค้ด สถานที่ สถานะ
- ไม่พบข้อมูล -

รายการใกล้เคียง
    หัวเรื่อง [การพยาบาลผู้ป่วยภาวะหัวใจล้มเหลว]

BibComment


ยังไม่เคยถูกคอมเมนท์

คอมเมนท์ทรัพยากรรายการนี้
  คอมเมนท์: การพยาบาลผู้ป่วยภ..


 Copyright 2026. Bcnsprnw @Library